Statistics for Albums of 1991

Click here to take the quiz!

General Stats

  • This quiz has been taken 48 times
  • The average score is 7 of 16

Answer Stats

HintAnswer% Correct
NevermindNirvana
98%
Achtung BabyU2
79%
Blood Sugar Sex MagikRed Hot Chili Peppers
76%
Use Your Illusion I/IIGuns n Roses
69%
TenPearl Jam
57%
Out of TimeR.E.M.
45%
BadmotorfingerSoundgarden
43%
ScreamadelicaPrimal Scream
38%
GishSmashing Pumpkins
36%
LovelessMy Bloody Valentine
33%
The Low End TheoryA Tribe Called Quest
29%
Blue LinesMassive Attack
26%
Trompe le MondePixies
24%
Death CertificateIce Cube
21%
SpiderlandSlint
21%
Laughing StockTalk Talk
17%

Score Distribution

Percentile by Number Answered

Percent of People with Each Score

Your Score History

You have not taken this quiz